| 000 | 01009cam a2200253Ia 4500 | ||
|---|---|---|---|
| 020 | _a0028218728 (student ed.) | ||
| 020 | _a0028218736 (teacher's wraparound ed.) | ||
| 020 | _a0028218698 (Spanish ed.) | ||
| 020 | _a0028217640 (teaching transparencies) | ||
| 020 | _a0028217594 (section focus transparencies) | ||
| 020 | _a0028217683 (testmaker) | ||
| 020 | _a0028218744 (teacher's classroom resources) | ||
| 040 | _cUUW | ||
| 082 | _a973 GLE 200 A099 Or. | ||
| 100 | 1 | _aAppleby, Joyce Oldham | |
| 245 | 1 | 4 |
_aThe American journey : _bbuilding a nation / |
| 260 |
_aNew York : _bGlencoe/McGraw-Hill, _cc2000 |
||
| 300 |
_axvii, RA15, 721, A76 p. : _bill. (some col.), col. maps ; _c29 cm. + _e1 teacher's wraparound ed. + 1 Spanish ed. + 2 ring binders of transparencies + 1 boxed testmaker + 1 carton of teacher's classroom resources |
||
| 700 | 1 | _aBrinkley, Alan | |
| 700 | 1 | _aMcPherson, James M | |
| 710 | 2 | _aNational Geographic Society (U.S.) | |
| 710 | 2 | _aGlencoe/McGraw-Hill | |
| 942 | _cEK | ||
| 999 |
_c11808 _d11808 |
||